| 000 | 00531nam a2200181Ia 4500 | ||
|---|---|---|---|
| 001 | 20642 | ||
| 005 | 20260306172820.0 | ||
| 008 | 260306t2014||||xx |||||||||||||| ||spa|| | ||
| 041 | _aESP | ||
| 082 |
_a343.6 _bD23 |
||
| 100 |
_aDanós Ordóñez, Jorge _eAUT |
||
| 245 | 0 |
_aDerecho administrativo: _binnovación, cambio y eficacia: libro de ponencias del sexto congreso nacional del derecho administrativo |
|
| 260 | _c2014 | ||
| 300 |
_a794 páginas : _c24 cm. |
||
| 650 | _aGEN | ||
| 654 | _aCDE | ||
| 942 |
_cLIB _dJUS _fJUS _2ddc _n |
||
| 999 |
_c20642 _d20642 |
||